Baba O'Riley - The Who full Lyrics - Statistics

General Stats
  • This quiz has been taken 26 times
  • The average score is 82 of 99
Answer Stats
Answer % Correct
fight
100%
fight,
100%
for
100%
I
100%
I
100%
I
100%
I
100%
in
100%
my
100%
my
100%
my
100%
my
100%
my
100%
Out
100%
out
100%
the
100%
the
100%
The
100%
The
100%
don't
94%
don't
94%
Don't
94%
Don't
94%
don't
94%
forgiven,
94%
here
94%
here,
94%
it's
94%
It's
94%
need
94%
need
94%
only
94%
only
94%
right,
94%
teenage
94%
Teenage
94%
teenage
94%
Teenage
94%
Teenage
94%
to
94%
to
94%
to
94%
wasteland.
94%
wasteland,
94%
wasteland,
94%
wasteland,
94%
wasteland,
94%
your
94%
be
89%
cry,
89%
fields,
89%
I'm
89%
prove
89%
all
83%
get
83%
get
83%
get
83%
into
83%
we
83%
yeah,
83%
yeah,
83%
yeah,
83%
yeah,
83%
yeah,
83%
yeah.
83%
yeah,
83%
eye,
78%
fire
78%
is
78%
living,
78%
Put
78%
wasted!
78%
back
72%
hand,
72%
oh,
72%
shoulder,
72%
take
72%
and
67%
exodus
67%
meals,
67%
much
67%
older.
67%
They're
67%
before
61%
land,
61%
Let's
61%
look
61%
together
61%
raise
56%
We'll
56%
near,
50%
past
50%
Sally,
50%
travel
44%
are
39%
'cross
33%
south
33%
happy
22%
ones
17%
No matching quizzes found
Score Distribution
Percent of People with Each Score
Percentile by Number Answered
Your Score History
You have not taken this quiz